00000000nam 2200000zi 4500
0019.945012
003CaOODSP
00520250123133157
006m     o  d f      
007cr mn|||||||||
008241108t20252025quca    ob   f000 0 fre d
020 |a9780660744179
040 |aCaOODSP|bfre|erda|cCaOODSP
0410 |afre|bfre|beng
043 |an-cn-qu|an-cnm--|an-cn-nf|aln-----
0861 |aFs97-6/3645F-PDF
24500|aDéveloppement et spécification d'un modèle qualitatif de réseau (MQR) du système socio-écologique des pêches dans l'estuaire et le golfe du Saint-Laurent (EGSL) / |cIntervenants du secteur des pêches dans l'EGSL.
264 1|aMont-Joli, Québec : |bDirection régionale des sciences, Région du Québec, Pêches et océans Canada, Institut Maurice-Lamontagne, |c2025.
264 4|c©2025
300 |a1 ressource en ligne (v, 94 pages) : |billustrations (principalement en couleur).
336 |atexte|btxt|2rdacontent/fre
337 |ainformatique|bc|2rdamedia/fre
338 |aressource en ligne|bcr|2rdacarrier/fre
4901 |aRapport technique canadien des sciences halieutiques et aquatiques, |x1488-545X ; |v3645
500 |aPublié aussi en anglais sous le titre : Development and specification of a qualitative network model (QNM) of the socioecological fisheries system in the Estuary and Gulf of St. Lawrence (EGSL).
504 |aComprend des références bibliographiques.
5203 |a« Ce rapport présente un modèle conceptuel du secteur des pêches dans l'estuaire et le golfe du Saint-Laurent, incluant les dimensions écologiques et sociologiques et les mesures de gestion. Le modèle a été élaboré à l'intérieur d'un processus participatif impliquant des pêcheurs, des représentants d'associations de pêcheurs, de l'industrie, d'organisations non gouvernementales (ONG), d'organismes des Premières Nations, des gestionnaires et des scientifiques. Une série de discussions semi-dirigées a permis de mettre en évidence les similitudes et différences de points de vue entre les différents intervenants et de parvenir à une compréhension commune du système par l'identification de ses composantes clés et des liens entre ces composantes. Le modèle qualitatif qui en résulte constitue la première étape d'un projet visant à simuler des scénarios de perturbations et d'adaptation du système dans un contexte de changements climatiques. Ces simulations serviront à identifier des options de gestion équivalentes en matière de risques pour les objectifs de pêches durables, de conservation et les objectifs socio-économiques. Le processus participatif décrit dans ce rapport est applicable à d'autres écosystèmes halieutiques ainsi qu'à différents secteurs d'activités humaines. Une approche de modélisation qualitative permet d'effectuer une synthèse des connaissances disponibles tout en favorisant le dialogue et l'établissement de liens de confiance » -- Résumé, page iv.
546 |aComprend des résumés en français et en anglais.
650 6|aPêches|zQuébec (Province)|zSaint-Laurent, Estuaire du.
650 6|aPêches|zSaint-Laurent, Golfe du.
650 6|aPêches|xGestion|zQuébec (Province)|zSaint-Laurent, Estuaire du.
650 6|aPêches|xGestion|zSaint-Laurent, Golfe du.
650 6|aChaînes alimentaires (Écologie)|zQuébec (Province)|zSaint-Laurent, Estuaire du.
650 6|aChaînes alimentaires (Écologie)|zSaint-Laurent, Golfe du.
650 6|aAnalyse de systèmes.
7101 |aCanada. |bMinistère des pêches et des océans, |eorganisme de publication.
7102 |aInstitut Maurice-Lamontagne, |eorganisme de publication.
77508|tDevelopment and specification of a qualitative network model (QNM) of the socioecological fisheries system in the Estuary and Gulf of St. Lawrence (EGSL) / |w(CaOODSP)9.945011
830#0|aRapport technique canadien des sciences halieutiques et aquatiques ;|v3645.|w(CaOODSP)9.500867
85640|qPDF|s2.43 Mo|uhttps://publications.gc.ca/collections/collection_2025/mpo-dfo/Fs97-6-3645-fra.pdf